000 00527nam a2200181Ia 4500
999 _c1860
_d1860
003 OSt
005 20191227152555.0
008 190216s9999||||xx |||||||||||||| ||und||
020 _a9788180940160
040 _coclc
082 _a574.072
_bGUR/R
100 _aGurumani N
_9865
245 0 _aResearch Methodology For Biological Sciences /
_cN Gurumani
260 _bMJP Publishers
_c2006
_aChennai
300 _a753
650 _aResearch Methodology
942 _cBK
_2ddc
_h574.072
_iGUR/R
_k574.072
_mGUR/R